000
00182 a2200097 4500
001
25942
100
_a
ASM
245
_a
Solidification
260
_a
_b
ASM
_c
090
_c
17545
_d
17545
942
_a
NUST-CAE
_c
M
_c
8386
999
_c
261015
_d
261015